| 000 | 01094nam a22002774a 4500 | ||
|---|---|---|---|
| 001 | ebr10114000 | ||
| 003 | CaPaEBR | ||
| 006 | m u | ||
| 007 | cr cn||||||||| | ||
| 008 | 030314s2004 njua sb 001 0 eng | ||
| 020 | _z0471434787 (cloth : alk. paper) | ||
| 040 |
_aCaPaEBR _cCaPaEBR |
||
| 035 | _a(OCoLC)559957266 | ||
| 050 | 1 | 4 |
_aRC341 _b.T438 2004eb |
| 082 | 0 | 4 |
_a616.89 _221 |
| 245 | 0 | 0 |
_aTextbook of biological psychiatry _h[electronic resource] / _cedited by Jaak Panksepp. |
| 260 |
_aHoboken, N.J. : _bWiley-Liss, _cc2004. |
||
| 300 |
_axxiii, 699 p. : _bill. |
||
| 504 | _aIncludes bibliographical references and index. | ||
| 533 |
_aElectronic reproduction. _bPalo Alto, Calif. : _cebrary, _d2013. _nAvailable via World Wide Web. _nAccess may be limited to ebrary affiliated libraries. |
||
| 650 | 0 | _aBiological psychiatry. | |
| 655 | 7 |
_aElectronic books. _2local |
|
| 700 | 1 |
_aPanksepp, Jaak, _d1943- |
|
| 710 | 2 | _aebrary, Inc. | |
| 856 | 4 | 0 |
_uhttp://site.ebrary.com/lib/rucke/Doc?id=10114000 _zAn electronic book accessible through the World Wide Web; click to view |
| 999 |
_c209713 _d209713 |
||